000 00751cam6a220022900 4500
001 tmp15747109
003 UPRA
005 20190816105845.0
008 951018s1964 za eng u
035 _a(Sirsi) r40102
035 _a(UPRA)tmp15747109
040 _cUPRA
041 0 _aengbem
100 1 _aSadler, Wesley.
_6A101029.1
245 1 0 _aUntangled ciBemba :
_ba language of Northern Rhodesia, Central Africa.
260 _aKitwe :
_bUnited Church of Central Africa in Rhodesia,
_c1964.
650 0 _aCibemba.
_6S72878.1
650 0 _aAfrican languages -- Africa, Central.
_zAfrican languages -- Africa, Central.
_6S72879.1
650 0 _aBantu languages.
_6S3923.1
949 _aPL8069.2
_wlcc
_i-48585
_mMAIN
_tBOOK
_lON-SHELF
004 40102
999 _c89980
_d89980